| 000 | 00688nam a2200241 a 4500 | ||
|---|---|---|---|
| 001 | 61011 | ||
| 003 | BD-RjUL | ||
| 005 | 20211209080918.0 | ||
| 008 | 170114s1985 maua 001 0 eng d | ||
| 020 |
_a0201079542 (pbk.) : _c$19.95 |
||
| 035 | _a(BD-RjUL)61135 | ||
| 040 |
_aDLC _cDLC _dDLC _beng |
||
| 041 | _aeng | ||
| 082 | 0 | 0 |
_a338.5 _219 _bTHM 1985 |
| 100 | 1 |
_aThompson, Allen R. _9182017 |
|
| 245 | 1 | 0 |
_aMicroeconomics / _cAllen R. Thompson. |
| 260 |
_aReading, Mass. : _bAddison-Wesley Pub. Co., _cc1985. |
||
| 300 |
_axxiii, 933, [31] p. : _bill. ; _c28 cm. |
||
| 500 | _aIncludes index. | ||
| 650 | 0 |
_aMicroeconomics. _9172724 |
|
| 942 |
_2ddc _cBK |
||
| 999 |
_c61011 _d61011 |
||